00848nam a22002177a 450000500170000000800410001702000180005804000270007604100080010304400070011110000330011824501860015126000510033730000450038865000290043365000460046265000340050865100410054270000270058370000200061020191125100237.0191125b xxu||||| |||| 00| 0 spa d a9789585222309 aCO-BoIAVH cCO-BoIAVH  aspa ack aVela Murillo, Norma Patricia aExperiencias y estrategias de los planes de acción inmediatos PAI.bEstrategia de articulación entre ambiente y cultura: Caso Cuenca del río Guarinó y charca de Guarinocito. aManizales:bCorporación Aldea Global,c2012. a52 Páginas:bfotografias,c17 x 24 cm. 0aPlan de manejo ambiental 0aConservación de cuencas hidrográficas 0aConservación de ecosistemas 0aCuenca del Río GuarinózColombia aDuque Escobar, Gonzalo aOrtiz, Doralice